| 000 | 00538nam a22001817a 4500 | ||
|---|---|---|---|
| 005 | 20251108175258.0 | ||
| 008 | 250721s2015 xx 000 0 ara d | ||
| 082 | 1 | 4 | _a303.625/شحا |
| 100 | 1 | _aشحاتة، علي | |
| 245 | 1 | 0 | _aاسأل نفسك 20 سؤال ؟ قبل ان ..... / |
| 264 | 1 |
_aالقاهرة : _bالمكتب العربي للمعارف، _c2015. |
|
| 300 | _a142ص. | ||
| 650 | 1 | 7 | _aالارهاب |
| 650 | 1 | 7 | _aالجرائم السياسية |
| 650 | 1 | 7 | _aالتطرف |
| 942 |
_2ddc _cBK |
||
| 999 |
_c130397 _d130397 |
||